Worst Defenses in College Football 2024 - Statistics

General Stats
  • This quiz has been taken 23 times
  • The average score is 12 of 25
Answer Stats
Team Yards Allowed per Game % Correct
Kent State 515.8
85%
Oklahoma State 500.6
65%
Washington State 442.6
60%
Florida Atlantic 416.7
55%
New Mexico 492.1
55%
New Mexico State 446.8
55%
San Diego State 421.3
55%
Purdue 452.7
50%
Temple 418.4
50%
Texas Tech 461.5
50%
Wake Forest 435.0
50%
Ball State 454.9
45%
Georgia State 418.7
45%
North Texas 460.5
45%
South Florida 436.9
45%
Tulsa 496.8
45%
Utah State 470.1
45%
Mississippi State 456.4
40%
Georgia Southern 429.4
35%
Middle Tennessee 449.2
35%
Southern Miss 449.2
35%
Western Michigan 415.1
35%
West Virginia 415.3
35%
Arkansas State 462.1
30%
Charlotte 433.2
25%
No matching quizzes found
Score Distribution
Percent of People with Each Score
Percentile by Number Answered
Your Score History
You have not taken this quiz